000 00214 a2200097 4500
001 17594
100 _aOkress E C
245 _aMicrowave power Engineering
260 _a
_bAcademic Press
_c
090 _c12986
_d12986
942 _aNUST-CAE
_cM
_c3320
999 _c252667
_d252667